000 00575nam a2200169 a 4500
001 000038778
005 20201002031352.0
008 130422s1990 spa 000 0 spa d
020 _a8476582137
040 _aDO-SdBNP
_bspa
_cBNPHU
100 1 _aSureda, Jaume
_965082
245 1 0 _aGuía de la educación ambiental :
_bfuentes documentales y conceptos básicos /
_cJaume Sureda.
260 _aBarcelona :
_bAnthropos ,
_c1990.
300 _a271 p. : ;
_c20 cm.
490 1 _aAutores, textos y temas /Psicología
_v12
830 0 _aAutores, textos y temas /Psicología
_n12
_965083
999 _c38268
_d38268